Modern radar system analysis software / (Record no. 183693)
[ view plain ]
| 000 -LEADER | |
|---|---|
| fixed length control field | 00809 a2200241 4500 |
| 003 - CONTROL NUMBER IDENTIFIER | |
| control field | Nust |
| 005 - DATE AND TIME OF LATEST TRANSACTION | |
| control field | 20230807114034.0 |
| 010 ## - LIBRARY OF CONGRESS CONTROL NUMBER | |
| LC control number | 92032857 |
| 020 ## - INTERNATIONAL STANDARD BOOK NUMBER | |
| International Standard Book Number | 0890066736 |
| 040 ## - CATALOGING SOURCE | |
| Transcribing agency | Nust |
| 082 00 - DEWEY DECIMAL CLASSIFICATION NUMBER | |
| Classification number | 621.3848,BAR |
| 100 1# - MAIN ENTRY--PERSONAL NAME | |
| Personal name | Barton, David Knox, |
| 9 (RLIN) | 114011 |
| 245 10 - TITLE STATEMENT | |
| Title | Modern radar system analysis software / |
| Statement of responsibility, etc. | D.K. Barton and W.F. Barton. |
| 250 ## - EDITION STATEMENT | |
| Edition statement | Version 2.0. |
| 256 ## - COMPUTER FILE CHARACTERISTICS | |
| Computer file characteristics | Computer program. |
| 260 ## - PUBLICATION, DISTRIBUTION, ETC. | |
| Place of publication, distribution, etc. | Boston : |
| Name of publisher, distributor, etc. | Artech House, |
| Date of publication, distribution, etc. | c1992. |
| 300 ## - PHYSICAL DESCRIPTION | |
| Extent | 210p |
| Dimensions | 5 1/4 in. + |
| Accompanying material | 1 user's manual (210 p.) |
| 505 ## - FORMATTED CONTENTS NOTE | |
| Formatted contents note | Introduction (Page-1), Getting Started (Page-5), The Models Programming (Page-71), The Analysis Program (Page-127). |
| 650 #0 - SUBJECT ADDED ENTRY--TOPICAL TERM | |
| Topical term or geographic name entry element | Radar |
| General subdivision | Software. |
| 9 (RLIN) | 114012 |
| 651 ## - SUBJECT ADDED ENTRY--GEOGRAPHIC NAME | |
| Geographic name | (Include Floppy Disk) |
| 9 (RLIN) | 93875 |
| 700 1# - ADDED ENTRY--PERSONAL NAME | |
| Personal name | Barton, William F. |
| 9 (RLIN) | 114013 |
| 942 ## - ADDED ENTRY ELEMENTS (KOHA) | |
| Source of classification or shelving scheme | |
| Koha item type | Book |
| Call number prefix | 621.3848,BAR |
| Withdrawn status | Lost status | Source of classification or shelving scheme | Damaged status | Not for loan | Permanent Location | Current Location | Shelving location | Date acquired | Full call number | Barcode | Date last seen | Price effective from | Koha item type | Public note |
|---|---|---|---|---|---|---|---|---|---|---|---|---|---|---|
| Military College of Signals (MCS) | Military College of Signals (MCS) | General Stacks | 12/12/2016 | 621.3848,BAR | MCS27878 | 12/08/2016 | 12/12/2016 | Book | Almirah No.84, Shelf No.3 |
